The story of philosophy: (Record no. 179424)

MARC details
000 -LEADER
fixed length control field 00685nam a22002057a 4500
005 - DATE AND TIME OF LATEST TRANSACTION
control field 20210611150053.0
010 ## - LCCN (DPL NO)
LC control number B-740216
020 ## - INTERNATIONAL STANDARD BOOK NUMBER
International Standard Book Number 9781439101186
035 ## - SYSTEM CONTROL NUMBER
System control number B-740216
037 ## - SOURCE OF ACQUISITION
Source of stock number/acquisition Gift
082 ## - DEWEY DECIMAL CLASSIFICATION NUMBER
Classification number 109
100 ## - MAIN ENTRY--PERSONAL NAME
Personal name Durant, Will
245 ## - TITLE STATEMENT
Title The story of philosophy:
Remainder of title the lives and opinions of the greater philosophers /
Statement of responsibility, etc by Will Durant
260 ## - PUBLICATION, DISTRIBUTION, ETC. (IMPRINT)
Place of publication, distribution, etc New York
Name of publisher, distributor, etc Simon & Schuster
Date of publication, distribution, etc 2009
270 ## - ADDRESS
Address 1230 Avenue of the Americas
City New York
Postal code 10020
300 ## - PHYSICAL DESCRIPTION
Extent xvi, 412p.
Dimensions 21cm(Hb)
500 ## - GENERAL NOTE
General note includes bibliographical references and index
942 ## - ADDED ENTRY ELEMENTS (KOHA)
Source of classification or shelving scheme Dewey Decimal Classification
Item type English Books
Classification part 109
Call number suffix DUR
Holdings
Withdrawn status Lost status Not for loan Collection code Home library Current library Date acquired Source of acquisition Full call number Barcode Copy number Koha item type Public note
      Non-fiction Kadipur Kadipur 11/06/2021 GIft/Eng/02-06-2021 109 DUR B-740216 1 English Books Gift

© Delhi Public Library
Hit Counter
free hit counter